000 00325nam a22001337a 4500
008 190129b xxu||||| |||| 00| 0 eng d
020 _a9780202360720
041 _aeng
080 _a331.101.262
100 _a52
101 _aBNJ
245 _aHuman Behavior theory and Social work pracitce
_cGreene,R.R
942 _2udc
_cBK
999 _c53837
_d53837